[Event "17ème Open des Vins du Médoc"]
[Site "Naujac sur Mer ; France"]
[Date "2014.07.03"]
[Round "6.10"]
[White "Nazareth, David"]
[Black "Hielscher, Ursula"]
[Result "1/2-1/2"]
[WhiteElo "1960"]
[BlackElo "1880"]
[PlyCount "107"]
[EventDate "2014.??.??"]

1. e4 e6 2. d4 d5 3. exd5 exd5 4. Bd3 Bd6 5. Nf3 Nf6 6. Bg5 h6 7. Bh4 O-O 8.
O-O Bg4 9. Re1 Nbd7 10. h3 Bh5 11. c3 c6 12. Nbd2 Qc7 13. Qc2 Rae8 14. Bxf6
Nxf6 15. g4 Bxg4 16. hxg4 Nxg4 17. Nf1 Nf6 18. Rxe8 Rxe8 19. Re1 Rxe1 20. Nxe1
Nh5 21. Ng2 Qe7 22. Qd2 Qe6 23. Qe2 Qxe2 24. Bxe2 Nf4 25. Nxf4 Bxf4 26. Ne3 g6
27. c4 dxc4 28. Nxc4 Bc7 29. b4 Bd8 30. a4 Bf6 31. Ne5 Bxe5 32. dxe5 b6 33. f4
Kf8 34. Kf2 Ke7 35. Bc4 f6 36. e6 b5 37. axb5 cxb5 38. Bb3 f5 39. Ke3 Kd6 40.
Kd4 g5 41. fxg5 hxg5 42. e7 Kxe7 43. Kc5 a6 44. Kb6 Kd6 45. Kxa6 g4 46. Bd1 Ke5
47. Kxb5 Ke4 48. Bc2+ Kf4 49. Bb3 Ke3 50. Be6 g3 51. Bd5 f4 52. Kc6 f3 53. b5
g2 54. b6 1/2-1/2

[Event "17ème Open des Vins du Médoc"]
[Site "Naujac sur Mer ; France"]
[Date "2014.07.04"]
[Round "7.1"]
[White "Van Delft, Merijn"]
[Black "Saenz Narciso, Miguel Angel"]
[Result "1/2-1/2"]
[WhiteElo "2418"]
[BlackElo "2212"]
[PlyCount "71"]
[EventDate "2014.??.??"]

1. e4 c5 2. Nf3 Nc6 3. d4 cxd4 4. Nxd4 g6 5. c4 Nf6 6. Nc3 Nxd4 7. Qxd4 d6 8.
f3 Bg7 9. Be3 O-O 10. Qd2 a5 11. Na4 Nd7 12. Rd1 b6 13. Be2 Bb7 14. b3 Nc5 15.
Nc3 f5 16. exf5 Rxf5 17. O-O Bc6 18. Rfe1 Qc7 19. Bd3 Nxd3 20. Qxd3 Qb7 21. Bd4
Bxd4+ 22. Qxd4 Raf8 23. Re3 Rg5 24. Kf2 Rgf5 25. Rde1 R8f7 26. Kg1 Rf4 27. Qd3
R4f5 28. Ne2 R5f6 29. Nd4 e5 30. Nxc6 Qxc6 31. h3 Rf4 32. Re4 Rxe4 33. Rxe4
Qc5+ 34. Kh2 Kg7 35. Qd2 Rf5 36. Kh1 1/2-1/2

[Event "17ème Open des Vins du Médoc"]
[Site "Naujac sur Mer ; France"]
[Date "2014.07.04"]
[Round "7.2"]
[White "Rijnaarts, Sjef"]
[Black "Wohl, Aleksandar H"]
[Result "1/2-1/2"]
[WhiteElo "2346"]
[BlackElo "2339"]
[PlyCount "137"]
[EventDate "2014.??.??"]

1. e4 e5 2. Nf3 Nc6 3. Bb5 Nge7 4. c3 g6 5. d4 exd4 6. cxd4 a6 7. Ba4 b5 8. Bc2
Bg7 9. O-O d6 10. d5 Na5 11. Bd2 c5 12. dxc6 Nexc6 13. Bc3 O-O 14. Bxg7 Kxg7
15. Nc3 Bg4 16. h3 Be6 17. a4 b4 18. Nd5 Bxd5 19. Qxd5 Qf6 20. Rab1 Qe6 21.
Qxe6 fxe6 22. Rfd1 b3 23. Bd3 Kf6 24. Rbc1 Rfb8 25. Be2 Ke7 26. Rd3 Rb4 27.
Rdc3 Kd7 28. Nd2 Rab8 29. Bxa6 Rxa4 30. Be2 Ra2 31. Nc4 Nd4 32. Bd1 Nac6 33.
Rb1 Rb4 34. Nd2 Na5 35. h4 Rb7 36. Kh2 d5 37. h5 Kd6 38. Rd3 Rb4 39. exd5 exd5
40. hxg6 hxg6 41. Rg3 g5 42. Rxg5 Nc4 43. Nxc4+ Rxc4 44. Rg3 Rc2 45. Rxb3 Rxf2
46. Rb4 Nc6 47. Rb6 Kc5 48. Rb7 Ne5 49. Kg3 Rd2 50. Bf3 Ra8 51. Rc1+ Kd6 52.
Rb6+ Kd7 53. Rh1 Kc7 54. Re6 Rg8+ 55. Kf4 Ng6+ 56. Ke3 Rxb2 57. Rh7+ Kb8 58.
Bxd5 Rb4 59. Ra6 Re8+ 60. Kf2 Re7 61. Rh1 Ne5 62. Ra8+ Kc7 63. Rc1+ Kd6 64. Rd1
Ng4+ 65. Kg1 Rd4 66. Ra6+ Kxd5 67. Rxd4+ Kxd4 68. Ra4+ Ke5 69. Rxg4 1/2-1/2

[Event "17ème Open des Vins du Médoc"]
[Site "Naujac sur Mer ; France"]
[Date "2014.07.04"]
[Round "7.3"]
[White "Van Dommelen, Martin"]
[Black "Castro, John"]
[Result "1/2-1/2"]
[WhiteElo "2137"]
[BlackElo "2217"]
[PlyCount "90"]
[EventDate "2014.??.??"]

1. e4 c5 2. Nf3 Nc6 3. Bb5 g6 4. O-O Bg7 5. Re1 e5 6. c3 Nge7 7. d3 O-O 8. Be3
d6 9. Bc4 Na5 10. Bd5 Nxd5 11. exd5 b6 12. Nbd2 f5 13. Nf1 f4 14. Bc1 Bf5 15.
Qe2 g5 16. N3d2 Qf6 17. Ne4 Qg6 18. Nfd2 g4 19. f3 h5 20. Qf2 Nb7 21. b3 Qf7
22. c4 Bf6 23. Kf1 Be7 24. Bb2 Kh7 25. Ke2 Rg8 26. Rg1 Rg6 27. Raf1 Rag8 28.
fxg4 Bxg4+ 29. Ke1 Qg7 30. g3 Bh3 31. Qf3 Bxf1 32. Rxf1 fxg3 33. hxg3 Rf8 34.
Qxh5+ Rh6 35. Qe2 Rxf1+ 36. Nxf1 Qg6 37. Bc1 Rh5 38. Qf3 Rf5 39. Qg2 Kg8 40.
Ne3 Rf7 41. Qh3 Bg5 42. Qg4 Rg7 43. Qc8+ Kh7 44. Qh3+ Kg8 45. Qc8+ Kh7 1/2-1/2

[Event "17ème Open des Vins du Médoc"]
[Site "Naujac sur Mer ; France"]
[Date "2014.07.04"]
[Round "7.4"]
[White "Bollengier, Andreea"]
[Black "Lagunes, Jean-Renaud"]
[Result "1-0"]
[WhiteElo "2244"]
[BlackElo "1978"]
[Annotator "Violeau,Jean-Luc"]
[PlyCount "53"]
[EventDate "2014.??.??"]

1. f4 g6 2. Nf3 Bg7 3. e4 Nf6 4. e5 Nd5 5. d4 d6 6. c4 Nb6 7. Be3 N6d7 8. Nc3
c5 9. e6 fxe6 10. Ng5 Bxd4 11. Bxd4 cxd4 12. Nxe6 Qa5 13. b4 Qxb4 14. Qxd4 Nf6
15. Nc7+ Kd8 16. Nxa8 Nc6 17. Qd2 Bf5 18. Bd3 Qa5 19. Rb1 Bxd3 20. Qxd3 Qa6 21.
O-O Kc8 22. Nb5 Kb8 23. Nac7 Qb6+ 24. Kh1 Ng4 25. Qe2 h5 26. Nxd6 Nb4 27. Nd5
1-0

[Event "17ème Open des Vins du Médoc"]
[Site "Naujac sur Mer ; France"]
[Date "2014.07.04"]
[Round "7.5"]
[White "Larand, Manuel"]
[Black "Sasu-Ducsoara, Adrian-Florian"]
[Result "1/2-1/2"]
[WhiteElo "2041"]
[BlackElo "2138"]
[PlyCount "45"]
[EventDate "2014.??.??"]

1. c4 Nf6 2. g3 e5 3. Bg2 Nc6 4. Nc3 g6 5. e3 Bg7 6. Nge2 O-O 7. O-O d6 8. h3
Ne8 9. d3 f5 10. Rb1 a5 11. a3 Kh8 12. Bd2 Ne7 13. Kh1 g5 14. f4 gxf4 15. gxf4
Nf6 16. Kh2 c6 17. Ng3 Be6 18. Nh5 Bh6 19. b3 Rg8 20. Bh1 Ng6 21. Nxf6 Qxf6 22.
Ne2 Qh4 23. Qe1 1/2-1/2

[Event "17ème Open des Vins du Médoc"]
[Site "Naujac sur Mer ; France"]
[Date "2014.07.04"]
[Round "7.9"]
[White "Kalwa, Norbert"]
[Black "Martin, Eric"]
[Result "1-0"]
[WhiteElo "2021"]
[BlackElo "1850"]
[Annotator "Violeau,Jean-Luc"]
[PlyCount "65"]
[EventDate "2014.??.??"]

1. Nf3 Nf6 2. g3 c6 3. Bg2 d6 4. d3 e5 5. e4 Be7 6. Nbd2 O-O 7. O-O Bd7 8. Nc4
Qc8 9. Ne3 g6 10. Bd2 Ng4 11. Nxg4 Bxg4 12. Bh6 Re8 13. Qd2 Bf8 14. Nh4 Qe6 15.
Bxf8 Rxf8 16. f4 exf4 17. gxf4 Qf6 18. Qf2 Nd7 19. Qg3 Be2 20. Rf2 Qxb2 21. Re1
Bh5 22. Bh3 Nc5 23. Nf5 Rad8 24. Kh1 Kh8 25. Nh4 Ne6 26. f5 gxf5 {(=)} 27. Nxf5
Rg8 28. Qh4 Bg6 29. d4 Bxf5 30. Qf6+ Ng7 31. Bxf5 Qc3 32. Rg1 c5 33. Bxh7 1-0

[Event "17ème Open des Vins du Médoc"]
[Site "Naujac sur Mer ; France"]
[Date "2014.07.04"]
[Round "7.10"]
[White "Hielscher, Ursula"]
[Black "Ginovart, Axel"]
[Result "0-1"]
[WhiteElo "1880"]
[BlackElo "1967"]
[PlyCount "52"]
[EventDate "2014.??.??"]

1. d4 Nf6 2. c4 c5 3. d5 b5 4. cxb5 a6 5. bxa6 e6 6. dxe6 fxe6 7. e4 Nxe4 8.
Qh5+ g6 9. Qe5 Nf6 10. Bg5 Be7 11. Be2 Nc6 12. Qc3 Nd4 13. Na3 Ne4 14. Bxe7
Kxe7 15. Qe3 Qa5+ 16. Kd1 Qa4+ 17. Ke1 Qb4+ 18. Kd1 Qxb2 19. Rc1 Nxf2+ 20. Qxf2
Qxa3 21. Qh4+ Ke8 22. Qe4 Qa4+ 23. Ke1 Qb4+ 24. Kf2 Rf8+ 25. Bf3 Nxf3 26. Qxa8
Nxg1+ 0-1

[Event "17ème Open des Vins du Médoc"]
[Site "Naujac sur Mer ; France"]
[Date "2014.07.04"]
[Round "7.12"]
[White "Voogt, Jonathan"]
[Black "Lambert, Rene"]
[Result "1-0"]
[WhiteElo "1946"]
[BlackElo "1636"]
[PlyCount "43"]
[EventDate "2014.??.??"]

1. d4 g6 2. e4 Bg7 3. c4 d6 4. Nc3 Nf6 5. f3 O-O 6. Be3 Nbd7 7. Bd3 c5 8. Nge2
a6 9. O-O b6 10. Qd2 cxd4 11. Nxd4 Qc7 12. Rac1 Nc5 13. Be2 Ne6 14. Nd5 Qb7 15.
Nxb6 Rb8 16. Nxc8 Rbxc8 17. Nxe6 fxe6 18. b3 Nd7 19. Rc2 e5 20. Rfc1 Nc5 21.
Qd5+ Qxd5 22. cxd5 1-0

[Event "17ème Open des Vins du Médoc"]
[Site "Naujac sur Mer ; France"]
[Date "2014.07.04"]
[Round "7.13"]
[White "Maruejols, Claude"]
[Black "Mosset-Cancel, Yohann"]
[Result "1/2-1/2"]
[WhiteElo "1945"]
[BlackElo "1627"]
[PlyCount "82"]
[EventDate "2014.??.??"]

1. d4 g6 2. c4 Bg7 3. e4 d6 4. Nc3 Nc6 5. d5 Nd4 6. Be3 c5 7. Nge2 Nxe2 8. Bxe2
e5 9. Qd2 f5 10. exf5 gxf5 11. f4 e4 12. g4 Nf6 13. h3 fxg4 14. Rg1 h5 15. f5
Bxf5 16. O-O-O Qd7 17. Rdf1 O-O-O 18. Nb5 a6 19. Nxd6+ Qxd6 20. Rxf5 Rdf8 21.
hxg4 hxg4 22. Bxg4 Nxg4 23. Rxf8+ Qxf8 24. Rxg4 Qf1+ 25. Kc2 Qxc4+ 26. Kb1 Rh1+
27. Rg1 Rxg1+ 28. Bxg1 Qf1+ 29. Qc1 Qxc1+ 30. Kxc1 Bd4 31. Bh2 Kd7 32. b3 b5
33. a4 bxa4 34. bxa4 c4 35. Bf4 Bf2 36. Kd2 e3+ 37. Bxe3 Bxe3+ 38. Kxe3 Kd6 39.
Kd4 c3 40. Kxc3 Kxd5 41. Kb4 Kc6 1/2-1/2

[Event "17ème Open des Vins du Médoc"]
[Site "Naujac sur Mer ; France"]
[Date "2014.07.04"]
[Round "7.14"]
[White "Herry, Serwan"]
[Black "Bordas, Laurent"]
[Result "1-0"]
[WhiteElo "1938"]
[BlackElo "1542"]
[PlyCount "59"]
[EventDate "2014.??.??"]

1. d4 d5 2. c4 e6 3. Nf3 Nf6 4. Nc3 Bb4 5. Bg5 O-O 6. e3 Nbd7 7. cxd5 exd5 8.
Bd3 h6 9. Bxf6 Nxf6 10. O-O Re8 11. Qc2 Be6 12. Rac1 a6 13. a3 Bxc3 14. Qxc3
Rc8 15. Nd2 Nh5 16. Rc2 Qd7 17. Nb3 b5 18. Nc5 Qc6 19. Qa5 Ra8 20. Nxe6 Qxe6
21. Rxc7 Nf6 22. Rfc1 Qg4 23. h3 Qg5 24. Qd2 Ne4 25. Bxe4 Rxe4 26. Rc8+ Rxc8
27. Rxc8+ Kh7 28. Qc2 g6 29. Qc7 Kg7 30. Qd8 1-0

[Event "17ème Open des Vins du Médoc"]
[Site "Naujac sur Mer ; France"]
[Date "2014.07.05"]
[Round "8.1"]
[White "Wohl, Aleksandar H"]
[Black "Saenz Narciso, Miguel Angel"]
[Result "1-0"]
[WhiteElo "2339"]
[BlackElo "2212"]
[PlyCount "67"]
[EventDate "2014.??.??"]

1. b3 e5 2. Bb2 Nc6 3. e3 Nf6 4. Bb5 Bd6 5. Na3 Be7 6. Nc4 e4 7. f4 Nb4 8. Ne5
O-O 9. a3 Nbd5 10. Be2 d6 11. Ng4 Nxg4 12. Bxg4 Bf6 13. Bxc8 Rxc8 14. Bxf6 Qxf6
15. Nh3 Qh4+ 16. Nf2 f5 17. O-O Rf6 18. Qe2 Rh6 19. Nh3 Rg6 20. Ng5 Re8 21. Qb5
Nf6 22. Qxf5 Qg4 23. Qxg4 Nxg4 24. h3 h6 25. Nxe4 Nxe3 26. dxe3 Rxe4 27. Rfe1
a5 28. a4 Rge6 29. Kf2 Kf7 30. Rad1 c5 31. Rd5 g6 32. g4 Ke7 33. Kf3 b6 34. c4
1-0

[Event "17ème Open des Vins du Médoc"]
[Site "Naujac sur Mer ; France"]
[Date "2014.07.05"]
[Round "8.2"]
[White "Bollengier, Andreea"]
[Black "Van Delft, Merijn"]
[Result "0-1"]
[WhiteElo "2244"]
[BlackElo "2418"]
[PlyCount "66"]
[EventDate "2014.??.??"]

1. c4 Nf6 2. g3 g6 3. Bg2 Bg7 4. Nc3 O-O 5. Nf3 d6 6. O-O Nc6 7. d3 e5 8. Rb1
a5 9. a3 Re8 10. Bg5 h6 11. Bxf6 Bxf6 12. b4 axb4 13. axb4 Bg7 14. b5 Ne7 15.
Qb3 c6 16. Nd2 Be6 17. Rfc1 d5 18. bxc6 bxc6 19. cxd5 cxd5 20. Nb5 Rb8 21. Qd1
Rb7 22. Qc2 Qb8 23. Nc3 Rc8 24. Qd1 e4 25. Na4 Rxc1 26. Rxc1 e3 27. fxe3 Nf5
28. Nf1 Nxe3 29. Nxe3 Bd4 30. Kh1 Bxe3 31. Ra1 Rb3 32. Bf3 Qb4 33. Kg2 Bd4 0-1

[Event "17ème Open des Vins du Médoc"]
[Site "Naujac sur Mer ; France"]
[Date "2014.07.05"]
[Round "8.3"]
[White "Castro, John"]
[Black "Rijnaarts, Sjef"]
[Result "1-0"]
[WhiteElo "2217"]
[BlackElo "2346"]
[Annotator "Violeau,Jean-Luc"]
[PlyCount "79"]
[EventDate "2014.??.??"]

1. e4 c5 2. Nf3 d6 3. d4 cxd4 4. Nxd4 Nf6 5. Nc3 e6 6. Be3 Be7 7. f3 O-O 8. Qd2
e5 9. Nde2 Na6 10. g4 Nc7 11. g5 Nd7 12. Ng3 Nb6 13. O-O-O g6 14. h4 h5 {(=)}
15. gxh6 Kh7 16. h5 g5 17. Kb1 Be6 18. Bxb6 axb6 19. Bh3 Ra5 20. Nf5 Bxf5 21.
Bxf5+ Kxh6 22. Nd5 Nxd5 23. exd5 Qc7 24. Qd3 Rfa8 25. a3 Ra4 26. Be4 Qc5 27.
Qb3 R4a5 28. c4 Qc8 29. Bc2 Rc5 30. Qd3 Qg8 31. a4 Rac8 32. b3 b5 33. axb5 Qg7
34. Qg6+ Qxg6 35. hxg6+ Kg7 36. Rh7+ Kg8 37. gxf7+ Kf8 38. Bf5 Rd8 39. Rdh1 Bf6
40. Rh8+ 1-0

[Event "17ème Open des Vins du Médoc"]
[Site "Naujac sur Mer ; France"]
[Date "2014.07.05"]
[Round "8.4"]
[White "Sasu-Ducsoara, Adrian-Florian"]
[Black "Van Dommelen, Martin"]
[Result "0-1"]
[WhiteElo "2138"]
[BlackElo "2137"]
[PlyCount "68"]
[EventDate "2014.??.??"]

1. e4 c5 2. Nc3 a6 3. f4 b5 4. g3 Bb7 5. Bg2 e6 6. Nh3 Nf6 7. Nf2 d5 8. e5 Ng8
9. Ne2 Nc6 10. c3 Nge7 11. d4 cxd4 12. cxd4 Nf5 13. g4 Nh4 14. Bh3 Bb4+ 15. Kf1
Qb6 16. Qd3 Be7 17. a3 a5 18. Be3 Ba6 19. Bg2 b4 20. Qd2 a4 21. Nd3 Qb5 22.
Ndc1 f6 23. Kf2 O-O 24. Kg3 Nxg2 25. Kxg2 bxa3 26. bxa3 Na5 27. Nc3 Qc6 28. Ra2
fxe5 29. fxe5 Nc4 30. Qe1 Rac8 31. Nb1 Nxe5 32. Qg3 Ng6 33. g5 Bd6 34. Qg4 Bf4
0-1

[Event "17ème Open des Vins du Médoc"]
[Site "Naujac sur Mer ; France"]
[Date "2014.07.05"]
[Round "8.7"]
[White "Kalwa, Norbert"]
[Black "Voogt, Jonathan"]
[Result "1-0"]
[WhiteElo "2021"]
[BlackElo "1946"]
[PlyCount "61"]
[EventDate "2014.??.??"]

1. Nf3 Nf6 2. g3 b5 3. Bg2 Bb7 4. d3 d5 5. O-O e6 6. b3 Be7 7. Bb2 c5 8. Nbd2
Nbd7 9. c4 a6 10. e3 O-O 11. Qe2 Qc7 12. Ne1 Rad8 13. f4 Rfe8 14. g4 Nf8 15. g5
N6d7 16. Ndf3 d4 17. exd4 Qxf4 18. dxc5 Nxc5 19. d4 Ne4 20. Ne5 Qxg5 21. Nxf7
Qg6 22. Nxd8 Bxd8 23. Kh1 Bc7 24. Bc1 Nd7 25. Bf4 e5 26. cxb5 exf4 27. Qc4+ Qe6
28. Qxc7 Ng3+ 29. hxg3 Bxg2+ 30. Kxg2 fxg3 31. Qc4 1-0

[Event "17ème Open des Vins du Médoc"]
[Site "Naujac sur Mer ; France"]
[Date "2014.07.05"]
[Round "8.8"]
[White "Armas, Lara-Maria"]
[Black "Nazareth, David"]
[Result "1-0"]
[WhiteElo "1935"]
[BlackElo "1960"]
[PlyCount "81"]
[EventDate "2014.??.??"]

1. d4 Nf6 2. c4 b6 3. Nc3 Bb7 4. f3 e6 5. e4 d5 6. cxd5 exd5 7. e5 Nh5 8. Be3
g6 9. Qd2 a6 10. Bg5 Qd7 11. g4 Ng7 12. Bf6 c5 13. Nge2 Qc6 14. Bg2 Nd7 15.
Bxg7 Bxg7 16. f4 Qe6 17. h3 Rc8 18. O-O-O cxd4 19. Nxd4 Qe7 20. Kb1 O-O 21.
Nxd5 Bxd5 22. Bxd5 Nc5 23. Rhe1 Rfd8 24. Qg2 Qd7 25. Nc6 Re8 26. Bf3 Qe6 27.
Rd6 Qc4 28. Rd4 Qb5 29. Na7 Qa5 30. Red1 Ne6 31. Nxc8 Nxd4 32. Nd6 Rd8 33. Rxd4
Qe1+ 34. Rd1 Qe3 35. Qg3 b5 36. a3 a5 37. Rd5 b4 38. Nc4 Qb3 39. Rxd8+ Bf8 40.
Nd2 Qa4 41. Qh4 1-0

[Event "17ème Open des Vins du Médoc"]
[Site "Naujac sur Mer ; France"]
[Date "2014.07.05"]
[Round "8.9"]
[White "Ginovart, Axel"]
[Black "Maruejols, Claude"]
[Result "0-1"]
[WhiteElo "1967"]
[BlackElo "1945"]
[PlyCount "66"]
[EventDate "2014.??.??"]

1. e4 c5 2. Nc3 d6 3. f4 Nc6 4. Nf3 g6 5. Bc4 Bg7 6. O-O e6 7. f5 gxf5 8. exf5
d5 9. Bb5 Nge7 10. fxe6 Bxe6 11. d3 Qd6 12. Bg5 Ng6 13. Qd2 h6 14. Be3 O-O-O
15. Qf2 d4 16. Ne4 Qc7 17. Bd2 Nce5 18. b4 c4 19. Nxe5 Bxe5 20. dxc4 a6 21. Ba4
Bxc4 22. Rfc1 Bxh2+ 23. Kh1 Be5 24. Bb3 Bd5 25. Bxd5 Rxd5 26. c4 Rdd8 27. b5 a5
28. Qe1 Rde8 29. c5 Kb8 30. Bxa5 Qe7 31. Bd2 Nf4 32. Nd6 Nd3 33. Qe4 Nf2+ 0-1

[Event "17ème Open des Vins du Médoc"]
[Site "Naujac sur Mer ; France"]
[Date "2014.07.05"]
[Round "8.10"]
[White "Vreugdenhil, Frans"]
[Black "Dubertrand, Bernard"]
[Result "1-0"]
[WhiteElo "2006"]
[BlackElo "1654"]
[PlyCount "39"]
[EventDate "2014.??.??"]

1. e4 e5 2. Nf3 Nc6 3. d4 exd4 4. Bc4 Bc5 5. O-O h6 6. c3 Qf6 7. e5 Qf5 8. cxd4
Bb6 9. d5 Nce7 10. Nc3 Qh5 11. Ne2 g5 12. Bd3 f6 13. d6 Nc6 14. Ng3 Qf7 15. Re1
Kf8 16. b3 g4 17. Nh4 Nxe5 18. Rxe5 fxe5 19. Ng6+ Kg7 20. Nh5+ 1-0

[Event "17ème Open des Vins du Médoc"]
[Site "Naujac sur Mer ; France"]
[Date "2014.07.05"]
[Round "8.11"]
[White "Lagunes, Jean-Renaud"]
[Black "Merlet, Francois"]
[Result "1-0"]
[WhiteElo "1978"]
[BlackElo "1588"]
[PlyCount "29"]
[EventDate "2014.??.??"]

1. e4 e6 2. d4 d5 3. Nc3 dxe4 4. Nxe4 Be7 5. Nf3 Nd7 6. Bd3 Ngf6 7. Nxf6+ Bxf6
8. Qe2 O-O 9. h4 c5 10. Bxh7+ Kh8 11. Bd3 cxd4 12. Nxd4 Qa5+ 13. b4 Qxb4+ 14.
Bd2 Qxd4 15. Qh5+ 1-0

[Event "17ème Open des Vins du Médoc"]
[Site "Naujac sur Mer ; France"]
[Date "2014.07.05"]
[Round "8.12"]
[White "Gonzalez Santamartin, Jorge"]
[Black "Herry, Serwan"]
[Result "0-1"]
[WhiteElo "1926"]
[BlackElo "1938"]
[PlyCount "98"]
[EventDate "2014.??.??"]

1. e4 e6 2. d4 d5 3. exd5 exd5 4. Nf3 Bg4 5. Bd3 Nc6 6. c3 Bd6 7. O-O Qd7 8.
Nbd2 O-O-O 9. b4 Kb8 10. a4 Nce7 11. Ba3 Nc8 12. a5 Nge7 13. Nb3 f6 14. b5 b6
15. Re1 g5 16. axb6 cxb6 17. Nbd2 Ng6 18. Bxd6+ Qxd6 19. Qa4 Nf4 20. Bf1 Rhe8
21. Rec1 Bxf3 22. Nxf3 Rd7 23. Ra2 Rc7 24. Rac2 Qd7 25. Qa2 Nd6 26. Rb1 Ne4 27.
Qb3 Rec8 28. Rbc1 h5 29. c4 g4 30. Ne1 dxc4 31. Rxc4 Nd2 32. Rxc7 Nxb3 33.
Rxc8+ Qxc8 34. Rxc8+ Kxc8 35. Nc2 Kd7 36. Bc4 Nd2 37. Ba2 Ne2+ 38. Kh1 Ke7 39.
Bd5 Nc3 40. Bc6 Nde4 41. Kg1 Nd6 42. Na3 Ne2+ 43. Kf1 Nxd4 44. Ke1 Ke6 45. Kd2
Nxc6 46. bxc6 Kd5 47. c7 Kc6 48. Ke3 Kxc7 49. Kf4 b5 0-1

[Event "17ème Open des Vins du Médoc"]
[Site "Naujac sur Mer ; France"]
[Date "2014.07.06"]
[Round "9.1"]
[White "Van Delft, Merijn"]
[Black "Wohl, Aleksandar H"]
[Result "1/2-1/2"]
[WhiteElo "2418"]
[BlackElo "2339"]
[PlyCount "21"]
[EventDate "2014.??.??"]

1. Nf3 Nc6 2. c4 e5 3. Nc3 g6 4. g3 Bg7 5. Bg2 d6 6. d3 h6 7. O-O f5 8. Nd5 g5
9. e3 Nf6 10. Nd2 O-O 11. f4 1/2-1/2

[Event "17ème Open des Vins du Médoc"]
[Site "Naujac sur Mer ; France"]
[Date "2014.07.06"]
[Round "9.2"]
[White "Saenz Narciso, Miguel Angel"]
[Black "Van Dommelen, Martin"]
[Result "0-1"]
[WhiteElo "2212"]
[BlackElo "2137"]
[PlyCount "84"]
[EventDate "2014.??.??"]

1. e4 d6 2. d4 Nf6 3. Nc3 e5 4. Nf3 Nbd7 5. Bc4 Be7 6. O-O Nb6 7. Be2 exd4 8.
Nxd4 O-O 9. f4 d5 10. e5 Ne4 11. Nxe4 dxe4 12. Nb5 Bc5+ 13. Kh1 Qe7 14. Nc3 f5
15. Qe1 Be6 16. Qg3 Rfd8 17. Be3 Bb4 18. Nd1 Nc4 19. c3 Nxe3 20. Nxe3 Bc5 21.
Rfd1 Rxd1+ 22. Bxd1 Rd8 23. Nf1 Bb6 24. Qe1 Qc5 25. Ng3 g6 26. Bc2 Qe3 27. Rd1
Qxe1+ 28. Rxe1 Rd2 29. Re2 Be3 30. Rxd2 Bxd2 31. Ne2 Bxa2 32. g4 Bc4 33. Nd4 c5
34. Nb3 Bxf4 35. gxf5 gxf5 36. Nxc5 Bxe5 37. b3 Bd5 38. c4 Bc6 39. b4 a6 40.
Ne6 Bc3 41. Nd8 e3+ 42. Kg1 e2 0-1

[Event "17ème Open des Vins du Médoc"]
[Site "Naujac sur Mer ; France"]
[Date "2014.07.06"]
[Round "9.3"]
[White "Castro, John"]
[Black "Armas, Lara-Maria"]
[Result "1/2-1/2"]
[WhiteElo "2217"]
[BlackElo "1935"]
[Annotator "Violeau,Jean-Luc"]
[PlyCount "27"]
[EventDate "2014.??.??"]

1. e4 c5 2. Nf3 d6 3. c3 Nf6 4. h3 e6 5. Bd3 Be7 6. O-O O-O 7. Qe2 Qc7 8. Re1
Nbd7 9. Bc2 b6 10. d3 Bb7 11. Nbd2 Rfe8 12. Nf1 Rac8 13. g4 Nf8 14. Ng3 {(=)}
1/2-1/2

[Event "17ème Open des Vins du Médoc"]
[Site "Naujac sur Mer ; France"]
[Date "2014.07.06"]
[Round "9.4"]
[White "Rijnaarts, Sjef"]
[Black "Kalwa, Norbert"]
[Result "1-0"]
[WhiteElo "2346"]
[BlackElo "2021"]
[PlyCount "47"]
[EventDate "2014.??.??"]

1. e4 g6 2. d4 Bg7 3. Nc3 c5 4. Nf3 cxd4 5. Nxd4 Nc6 6. Be3 d6 7. Bc4 Nf6 8. f3
Bd7 9. Qd2 Rc8 10. Bb3 a6 11. O-O-O b5 12. Nxc6 Bxc6 13. Bh6 Bxh6 14. Qxh6 Qc7
15. Qg7 Rf8 16. Nd5 Nxd5 17. exd5 Bd7 18. Rhe1 a5 19. a4 Bf5 20. Re2 Rd8 21.
axb5 a4 22. Bxa4 Qc4 23. Rde1 Be6 24. dxe6 1-0

[Event "17ème Open des Vins du Médoc"]
[Site "Naujac sur Mer ; France"]
[Date "2014.07.06"]
[Round "9.5"]
[White "Maruejols, Claude"]
[Black "Bollengier, Andreea"]
[Result "1/2-1/2"]
[WhiteElo "1945"]
[BlackElo "2244"]
[Annotator "Violeau,Jean-Luc"]
[PlyCount "101"]
[EventDate "2014.??.??"]

1. d4 Nf6 2. c4 e6 3. Nc3 c5 4. d5 exd5 5. cxd5 d6 6. Nf3 g6 7. Bf4 Bg7 8. Qa4+
Kf8 9. e4 Ne8 10. h3 Nd7 11. Be2 h6 12. O-O Kg8 13. Nd2 Kh7 14. Bh2 a6 15. Qc2
b5 16. a4 bxa4 17. Rxa4 Qe7 18. Nc4 Ne5 19. Nb6 Rb8 20. Nxc8 Rxc8 21. Rxa6 Rb8
22. f4 Nd7 23. Ra7 Bd4+ 24. Kh1 Nef6 25. e5 Bxc3 26. bxc3 Nxd5 27. Qd3 N5b6 28.
f5 dxe5 29. fxg6+ fxg6 30. Bg4 Rhf8 31. Re1 Ra8 32. Rea1 Rxa7 33. Rxa7 e4 34.
Qd1 Rf7 35. Bg1 h5 36. Bxd7 Nxd7 37. Be3 Kg8 38. Kg1 Qe6 39. Qd2 Qf5 40. Qd6 c4
41. Ra8+ Rf8 42. Rxf8+ Nxf8 43. Bd4 {(=)} Qe6 44. Qc7 Nd7 45. Qd8+ Kf7 46. Qg5
Qf5 47. Qd8 Qe6 48. Qg5 Nf6 49. Qf4 Ke7 50. Bxf6+ Qxf6 51. Qxe4+ 1/2-1/2

[Event "17ème Open des Vins du Médoc"]
[Site "Naujac sur Mer ; France"]
[Date "2014.07.06"]
[Round "9.6"]
[White "Surewaard, Wilbert"]
[Black "Mosset-Cancel, Yohann"]
[Result "1-0"]
[WhiteElo "2116"]
[BlackElo "1627"]
[PlyCount "39"]
[EventDate "2014.??.??"]

1. d4 Nf6 2. Nf3 e6 3. Bg5 d5 4. Nbd2 Be7 5. e3 Nbd7 6. Bd3 c5 7. c3 c4 8. Bc2
b5 9. O-O b4 10. e4 bxc3 11. bxc3 Qa5 12. exd5 Nxd5 13. Bxe7 Kxe7 14. Nxc4 Qxc3
15. Bb3 Bb7 16. Rc1 Qb4 17. a3 Qb5 18. Nfe5 N7f6 19. Nxf7 Rhc8 20. Nfd6 1-0

[Event "17ème Open des Vins du Médoc"]
[Site "Naujac sur Mer ; France"]
[Date "2014.07.06"]
[Round "9.8"]
[White "Larand, Manuel"]
[Black "Lagunes, Jean-Renaud"]
[Result "0-1"]
[WhiteElo "2041"]
[BlackElo "1978"]
[PlyCount "66"]
[EventDate "2014.??.??"]

1. c4 Nf6 2. g3 g6 3. Bg2 Bg7 4. e4 d6 5. Ne2 e5 6. O-O a5 7. d4 exd4 8. Nxd4
O-O 9. Nc3 Na6 10. Nb3 Re8 11. Re1 Nb4 12. h3 a4 13. Nd4 a3 14. bxa3 Na6 15.
Rb1 Nc5 16. Nb3 Nfd7 17. Nb5 Ra4 18. Qc2 Ne5 19. Nxc5 Rxc4 20. Qe2 Rxc5 21. Be3
Rc6 22. f4 Nd7 23. e5 dxe5 24. Bxc6 bxc6 25. Na7 exf4 26. gxf4 Nb6 27. Nxc6 Qd7
28. Ne5 Qxh3 29. Bf2 Bb7 30. Bd4 f6 31. Qh2 Qxh2+ 32. Kxh2 fxe5 33. a4 Bd5 0-1

[Event "17ème Open des Vins du Médoc"]
[Site "Naujac sur Mer ; France"]
[Date "2014.07.06"]
[Round "9.9"]
[White "Herry, Serwan"]
[Black "Vreugdenhil, Frans"]
[Result "0-1"]
[WhiteElo "1938"]
[BlackElo "2006"]
[PlyCount "50"]
[EventDate "2014.??.??"]

1. d4 f5 2. g3 Nf6 3. Bg2 g6 4. c4 Bg7 5. Nc3 O-O 6. Nh3 d6 7. b4 Nc6 8. Ba3
Nxd4 9. Rc1 e5 10. e3 Nc6 11. Qb3 Kh8 12. O-O e4 13. Rfd1 Ne5 14. Bf1 Be6 15.
Nf4 Bg8 16. h4 a6 17. b5 b6 18. bxa6 Nfd7 19. Ncd5 Rxa6 20. c5 Rxa3 21. Qxa3
Nxc5 22. Qa7 Rf7 23. Rxc5 bxc5 24. Ne6 Qd7 25. Ndxc7 Qxe6 0-1